Pays où Tattoo de Loreen s'est classé dans les charts - Statistiques

Statistiques générales
  • Ce quiz a été pris 42 fois
  • Le résultat moyen est 24 sur 34
Statistiques - réponses
Position dans les charts Pays % Correct
7 France
100%
2 Royaume Uni
95%
7 Allemagne
92%
22 Espagne
92%
1 Suède
89%
24 Italie
87%
15 Portugal
84%
1 Belgique
82%
2 Norvège
82%
7 Russie
79%
1 Suisse
79%
3 Finlande
76%
3 Irlande
76%
1 Luxembourg
76%
1 Pays Bas
76%
1 Autriche
74%
2 Lituanie
74%
14 Estonie
71%
25 Grèce
68%
1 Islande
68%
2 Pologne
68%
23 Slovaquie
68%
7 Ukraine
68%
9 Australie
66%
5 Hongrie
66%
4 Croatie
63%
13 Danemark
63%
3 Bulgarie
58%
18 Roumanie
58%
9 Tchéquie
58%
1 Israel
47%
1 Lettonie
42%
19 Nouvelle Zélande
34%
2 Suriname
5%
Aucun quiz correspondant
Distribution des résultats
% des personnes avec chaque résultat
Percentile par nombre de réponses
Votre historique - résultats
Vous n’avez pas pris ce quiz